Michigan Cities-all of them - Statistics

General Stats
  • This quiz has been taken 2,112 times
  • The average score is 68 of 276
Answer Stats
Population City % Correct
681,090 Detroit
97%
188,040 Grand Rapids
93%
114,297 Lansing
89%
113,934 Ann Arbor
85%
102,434 Flint
82%
74,262 Kalamazoo
81%
14,674 Traverse City
79%
51,508 Saginaw
74%
34,932 Bay City
67%
98,153 Dearborn
67%
38,401 Muskegon
66%
21,355 Marquette
64%
134,056 Warren
63%
52,347 Battle Creek
61%
48,579 East Lansing
61%
33,534 Jackson
60%
129,699 Sterling Heights
60%
30,184 Port Huron
58%
19,435 Ypsilanti
58%
33,051 Holland
57%
10,483 Alpena
56%
96,942 Livonia
56%
80,980 Troy
56%
59,515 Pontiac
55%
7,708 Houghton
54%
41,863 Midland
54%
12,711 Rochester
53%
55,224 Novi
52%
10,372 Farmington
50%
26,016 Mount Pleasant
50%
10,038 Benton Harbor
47%
3,645 Gaylord
47%
2,087 Auburn
46%
3,129 Bad Axe
45%
10,355 Cadillac
45%
57,236 Royal Oak
45%
72,125 Wyoming
45%
10,412 Grand Haven
44%
5,421 Grosse Pointe
44%
20,733 Monroe
44%
5,670 Petoskey
44%
70,995 Rochester Hills
44%
14,144 Sault Sainte Marie
43%
71,739 Southfield
43%
79,740 Farmington Hills
42%
21,412 Auburn Hills
41%
57,774 Dearborn Heights
41%
12,616 Escanaba
41%
5,485 Saint Clair
41%
10,601 Big Rapids
40%
8,076 Ludington
40%
20,103 Birmingham
39%
4,944 Frankenmuth
39%
2,452 Saint Ignace
39%
8,365 Saint Joseph
39%
21,133 Adrian
37%
3,869 Bloomfield Hills
37%
7,444 Brighton
37%
22,423 Hamtramck
37%
2,513 Charlevoix
36%
1,884 Grayling
35%
4,403 South Haven
35%
63,131 Taylor
35%
9,489 Howell
34%
7,624 Iron Mountain
34%
6,226 Manistee
34%
9,132 Plymouth
34%
84,094 Westland
34%
23,989 Romulus
33%
46,292 Portage
32%
4,876 Cheboygan
31%
8,144 Grand Blanc
31%
8,305 Hillsdale
31%
59,715 Saint Clair Shores
31%
17,593 Wayne
31%
9,383 Alma
30%
5,970 Northville
30%
10,945 Coldwater
29%
19,900 Ferndale
29%
11,394 Ionia
29%
48,707 Kentwood
29%
28,210 Allen Park
28%
11,756 Fenton
28%
5,719 Rockford
28%
8,810 Saline
28%
10,694 East Grand Rapids
27%
8,841 Lapeer
27%
29,694 Madison Heights
27%
25,883 Wyandotte
27%
8,616 Albion
26%
3,118 Clare
26%
2,355 Munising
26%
15,194 Owosso
26%
9,074 Charlotte
25%
4,944 Chelsea
25%
29,319 Oak Park
25%
925 Saugatuck
25%
18,853 Trenton
25%
4,757 Utica
25%
32,442 Eastpointe
24%
9,479 Grosse Pointe Farms
24%
16,135 Grosse Pointe Woods
24%
2,126 Hart
24%
11,776 Highland Park
24%
2,307 Hudson
24%
492 Mackinac Island
24%
11,600 Niles
24%
5,504 Zeeland
24%
7,786 Grand Ledge
23%
25,369 Inkster
23%
5,387 Ironwood
23%
38,144 Lincoln Park
23%
3,097 Manistique
23%
7,865 Saint Johns
23%
11,327 South Lyon
23%
7,811 Three Rivers
23%
4,998 Allegan
22%
5,836 Milan
22%
16,314 Mount Clemens
22%
47,299 Roseville
22%
2,139 West Branch
22%
13,498 Wixom
22%
882 Clarkston
21%
15,378 Grandville
21%
11,555 Grosse Pointe Park
21%
7,088 Marshall
21%
8,252 Mason
21%
10,856 Muskegon Heights
21%
8,481 Greenville
20%
6,470 Ishpeming
20%
12,084 New Baltimore
20%
3,883 Portland
20%
7,903 River Rouge
20%
30,047 Southgate
20%
4,507 DeWitt
19%
5,214 Eaton Rapids
19%
1,286 Frankfort
19%
27,692 Garden City
19%
3,008 Grosse Pointe Shores
19%
4,634 Hancock
19%
16,422 Hazel Park
19%
7,116 Hudsonville
19%
3,783 Lowell
19%
1,883 New Buffalo
19%
23,994 Norton Shores
19%
1,827 Tawas City
19%
23,537 Walker
19%
3,991 Belleville
18%
14,970 Berkley
18%
29,999 Burton
18%
2,646 Clio
18%
9,878 Flat Rock
18%
2,933 Gladwin
18%
8,599 Menominee
18%
2,425 Reed City
18%
10,994 Sturgis
18%
3,735 Boyne City
17%
11,825 Clawson
17%
2,910 Ithaca
17%
8,521 Tecumseh
17%
12,875 Woodhaven
17%
5,173 Davison
16%
2,808 East Tawas
16%
8,389 Flushing
16%
4,081 Fremont
16%
1,194 Harbor Springs
16%
14,236 Harper Woods
16%
2,114 Harrison
16%
7,350 Hastings
16%
3,029 Iron River
16%
1,976 Newaygo
16%
6,999 Walled Lake
16%
4,229 Caro
15%
8,257 Center Line
15%
5,879 Dowagiac
15%
9,512 Ecorse
15%
14,480 Fraser
15%
836 Lake City
15%
10,715 Melvindale
15%
3,956 Otsego
15%
5,758 Swartz Creek
15%
2,706 Whitehall
15%
4,110 Algonac
14%
3,804 Plainwell
14%
2,827 Rogers City
14%
7,482 Saint Louis
14%
1,509 Standish
14%
9,959 Marysville
13%
3,086 Mount Morris
13%
3,786 North Muskegon
13%
5,735 Richmond
13%
5,260 Springfield
13%
4,079 Wayland
13%
1,658 Zilwaukee
13%
5,757 Belding
12%
6,238 Huntington Woods
12%
3,991 Linden
12%
2,845 Norway
12%
1,605 Olivet
12%
12,486 Riverview
12%
653 Rose City
12%
3,854 Williamston
12%
3,509 Cedar Springs
11%
4,275 Coopersville
11%
3,497 Corunna
11%
1,232 Douglas
11%
4,973 Gladstone
11%
894 Grant
11%
2,688 Hartford
11%
4,248 Marine City
11%
313 Omer
11%
1,307 Pinconning
11%
3,289 Rockwood
11%
2,679 Sandusky
11%
1,955 Yale
11%
1,885 Bangor
10%
1,093 Carson City
10%
777 Caseville
10%
3,446 Durand
10%
3,478 Essexville
10%
2,009 Galesburg
10%
2,970 Keego Harbor
10%
4,568 Negaunee
10%
2,188 Perry
10%
2,697 Vassar
10%
889 Au Gres
9%
1,914 Bessemer
9%
1,325 Brown City
9%
1,483 Coloma
9%
1,469 Crystal Falls
9%
2,351 East Jordan
9%
1,903 Evart
9%
5,133 Kingsford
9%
290 Lake Angelus
9%
1,287 Manton
9%
2,215 Orchard Lake Village
9%
2,617 Potterville
9%
1,071 Beaverton
8%
1,703 Harbor Beach
8%
493 Harrisville
8%
1,851 Leslie
8%
1,183 Memphis
8%
2,361 Montague
8%
1,804 Parchment
8%
2,291 Bridgman
7%
2,349 Bronson
7%
1.243 Coleman
7%
1,398 Fennville
7%
829 Gobles
7%
1,436 Luna Pier
7%
1,720 Sylvan Lake
7%
4,456 Buchanan
6%
4,656 Gibralter
6%
4,075 Lathrup Village
6%
1,657 Montrose
6%
2,526 Pleasant Ridge
6%
1,735 Watervliet
6%
1,408 White Cloud
6%
2,892 Ferrysburg
5%
347 Gaastra
5%
1,875 Marlette
5%
656 McBain
5%
2,220 Morenci
5%
1,078 Reading
5%
384 Whittemore
5%
1,283 Laingsburg
4%
880 Onaway
4%
3,831 Roosevelt Park
4%
1,214 Scottville
4%
1,417 Stanton
4%
2,447 Croswell
3%
1,369 Litchfield
3%
1,146 Petersburg
3%
862 Stephenson
3%
1,851 Wakefield
3%
906 Caspian
2%
No matching quizzes found
Score Distribution
Percent of People with Each Score
Percentile by Number Answered
Your Score History
You have not taken this quiz